Same Role, Different Actors: TV Edition Quiz Stats

Quiz Updated Jun 26, 2016

Challenge
Share
Tweet
Embed
Score 0/18 Timer 06:00
3 Plays Today
% Correct
Sherlock Holmes
88%
Clark Kent
83.6%
Lt. Chin Ho Kelly
82.4%
Catwoman
74%
Marcia Brady
70.4%
Becky Conner
69.5%
Darrin Stephens
68.6%
Felix Unger
64%
Commander Steve McGarrett
62.3%
% Correct
Oscar Madison
60.9%
Sergeant Joe Friday
60.7%
James Gordon
58%
Perry Mason
57%
Vivian Banks
56.7%
Harriette Winslow
53.6%
Robert Ironside
52.7%
Dr. Richard Kimble
52.5%
Daario Naharis
45.1%

You're not logged in!

Compare scores with friends on all Sporcle quizzes.
Sign Up with Email
OR
Log In

You Might Also Like...

Show Comments

Extras

Top Quizzes Today


Score Distribution

Your Account Isn't Verified!

In order to create a playlist on Sporcle, you need to verify the email address you used during registration. Go to your Sporcle Settings to finish the process.